Molecular biology and biochemistry (Record no. 309299)
[ view plain ]
| 000 -LEADER | |
|---|---|
| fixed length control field | 00500 a2200193 4500 |
| 005 - DATE & TIME | |
| control field | 20240624095923.0 |
| 008 - FIXED-LENGTH DATA ELEMENTS--GENERAL INFORMATION | |
| fixed length control field | 240531b |||||||| |||| 00| 0 eng d |
| 020 ## - ISBN | |
| International Standard Book Number | 9781788825863 |
| Price | £ 165.00 |
| 040 ## - CATALOGING SOURCE | |
| Original cataloging agency | VIVEKANANDA LIBRARY |
| 082 ## - DDC NUMBER | |
| Classification number | 572 |
| Book Number | T214M |
| 100 ## - MAIN ENTRY--PERSONAL NAME | |
| Personal name | Taylor, Harry |
| 245 ## - TITLE STATEMENT | |
| Title | Molecular biology and biochemistry |
| 260 ## - PUBLICATION, DISTRIBUTION, ETC. (IMPRINT) | |
| Name of publisher, distributor, etc | ED-Tech Press |
| Date of publication, distribution, etc | 2022 |
| Place of publication, distribution, etc | United Kingdom |
| 300 ## - PHYSICAL DESCRIPTION | |
| Pages | xii, 352 |
| 650 ## - Subject | |
| Subject | Molecular Biology |
| 650 ## - Subject | |
| Subject | Biochemistry |
| 650 ## - Subject | |
| Subject | DNA Technology |
| 942 ## - ADDED ENTRY ELEMENTS (KOHA) | |
| Koha item type | Books |
| Withdrawn status | Lost status | Source of classification or shelving scheme | Damaged status | Not for loan | Location (home branch) | Sublocation or collection (holding branch) | Shelving location | Date acquired | Koha issues (times borrowed) | Koha full call number | Accession No. | Koha date last seen | Koha item type |
|---|---|---|---|---|---|---|---|---|---|---|---|---|---|
| Dewey Decimal Classification | VIVEKANANDA LIBRARY | VIVEKANANDA LIBRARY | Vivekananda Library | 23/02/2024 | 572 T214M | 409470 | 23/02/2024 | Books |
